Bienvenue à la Médiathèque de Saint-Andiol
banniere
Accueil Recherche avancée Mon compte
handi1 Rechercher dans le catalogue

Filtre   Mots-clés
  Recherche avancée
 
Lister les dernières nouveautés
 
Lister les livres GROS CARACTERES
 
Lister les périodiques (magazines)

handi1 France expliquée aux enfants (La)

sa géographie, la nature et les hommes

Book Cover
Auteur principal : Bernard Kayser
Autres auteurs : Renée Kayser
Autres auteurs : Anne Blanchard
Titre : France expliquée aux enfants (La)
Support : Livres
Langue : Francais
Publié : DL 2010 Gallimard jeunesse [Paris]
Genre : Documentaire
Sujets : France
Géographie française
Étiquettes :
Pas de tags
LEADER 01275nam0a2200277 450
001 16827127
010 |a 978-2-07-063821-5  |b rel.  |d 15 € 
100 |a 20111216d2026 u u0frey01 ba 
101 0 |a fre 
102 |a FR 
200 0 |a France expliquée aux enfants (La)  |e sa géographie, la nature et les hommes  |f Bernard et Renée Kayser  |g ouvrage publié et actualisé sous la direction de Anne Blanchard 
205 |a [Nouvelle éd.] 
207 1 |a   
210 |a [Paris]  |c Gallimard jeunesse  |d DL 2010 
215 |a 1 vol. (95 p.)  |c ill. en coul., couv. ill. en coul.  |d 30 cm 
300 |a Glossaire 
330 |a Ce document traite de la dimension de la France, de son climat, des principaux milieux et paysages qui la composent, de la vie en ville ou à la campagne. Il s'achève par un portrait des Français d'aujourd'hui. Les illustrations allient la précision encyclopédique à la poésie d'un carnet de voyage... 
610 0 |a France 
610 0 |a Géographie française 
676 |a 914.4 
700 0 |a Kayser  |b Bernard  |f 1926-2001  |4 70 
701 0 |a Kayser  |b Renée  |4 70 
702 0 |a Blanchard  |b Anne  |f 1948-....  |4 651 
900 |a Documentaire 
901 |a Jeunesse 
995 |a Médiathèque  |c Médiathèque  |f 089011846  |h 089011846  |k E 914.4 KAY  |o p  |q j  |r az  |e Médiathèque